Logo BPK

Biblioteka

Politechniki Koszalińskiej

Fundamentowanie / (Rekord nr 18441)

Szczegóły MARC
000 -ETYKIETA REKORDU
podpole kontrolne o stałej długości 00474nam a2200169 i 4500
001 - NUMER KONTROLNY REKORDU
pole kontrolne bg
040 ## - ŹRÓDŁO KATALOGOWANIA
Instytucja, która utworzyła rekord BPK
041 ## - KOD JĘZYKA
Kod języka tekstu pol
080 ## - UNIWERSALNA KLASYFIKACJA DZIESIĘTNA - UKD
UKD 624.15
008 - POLE O STAŁEJ DŁUGOŚCI - DANE KONTROLNE
podpole kontrolne o stałej długości s pl f |000 0 pol
100 1# - NAZWA OSOBOWA
Nazwa osobowa Glinicki, Stanisław Paweł
Daty związane z nazwą (1921-2008).
245 #0 - TYTUŁ/ODPOWIEDZIALNOŚĆ
Tytuł Fundamentowanie /
Pozostałe elementy strefy tytułu i oznaczenia odpowiedzialności Stanisław P. Glinicki.
260 ## - STREFA ADRESU WYDAWNICZEGO
Miejsce wydania [Białystok] :
Nazwa wydawcy/dystrybutora Wydawn. Polit. Białost.,
Data publikacji, dystrybucji/powstania dokumentu [1978].
300 ## - STREFA OPISU FIZYCZNEGO
Objętość s. 272 :
Inne cechy fizyczne rys., tab.
504 ## - UWAGA DOTYCZĄCA BIBLIOGRAFII
Informacje o bibliografii [Zawiera bibliogr. s. 271-272].
856 ## - LOKALIZACJA I DOSTĘP DO ELEKTRONICZNYCH DOKUMENTÓW ZDALNYCH
Link (URL) http://koha.tu.koszalin.pl/cgi-bin/koha/opac-detail.pl?biblionumber=18441
Tekst linku Katalog online BPK
942 ## - DODATKOWE ELEMENTY (KOHA)
Typ dokumentu Książka
Egzemplarze
Wycofany Status egzemplarza Uszkodzony Dostępność Lokalizacja stała Lokalizacja bieżąca Miejsce przechowywania Sygnatura Kod kreskowy Typ dokumentu
      Dostępny Biblioteka Politechniki Koszalińskiej Biblioteka Politechniki Koszalińskiej Wypożyczalnia BG 25719 01374827 Książka
© 2023 Biblioteka Politechniki Koszalińskiej :: KOHA